00941nam a2200289 i 4500001001000000003000900010005001700019007000300036008004100039040003000080082002400110100004100134245004400175264004500219300004400264336002700308337003300335338002800368490004400396600003900440600003400479600004200513650002400555650002700579650002300606650002200629000012012DO-SdBNP20240412074229.0ta091103s1985 dr a r 000 p spa d aDO-SdBNPbspacBNPHUerda 4aRD861.44bC679p222 aCoiscou Weber, Rodolfod1924-eautor13aEl postumismo /cRodolfo Coiscou Weber. 1aSanto Domingo :bLibros y textos,c1985. a86 páginas :bilustraciones ;c16 cm. 2rdacontentatextobtxt 2rdamediaasin mediaciónbn 2rdacarrieravolumenbnc0 aAntología de nuestra voz, año 4v1114aMoreno Jimenes, Domingod1894-198610aAvelino, Andrés,d1900-197414aZorrilla, Rafael, Augusto,d1892-1937 0aPoesía dominicana 0aLiteratura dominicana. 4aPoetas dominicanos 4aFormas literarias